NOVELLE DI F. SACCHETTI CITTADINO FIORENTINO. VOL. I. (Record no. 295778)
[ view plain ]
| 000 -LEADER | |
|---|---|
| fixed length control field | 01230nam a2200229Ia 4500 |
| 001 - CONTROL NUMBER | |
| control field | L853-36971 |
| 003 - CONTROL NUMBER IDENTIFIER | |
| control field | IT-CnALBA |
| 008 - FIXED-LENGTH DATA ELEMENTS--GENERAL INFORMATION | |
| fixed length control field | 170116s9999||||xx |||||||||||||| ||und|| |
| 040 ## - CATALOGING SOURCE | |
| Original cataloging agency | IT-CnALBA |
| Transcribing agency | IT-CnALBA |
| 041 ## - LANGUAGE CODE | |
| Language code of text/sound track or separate title | ITALIANO |
| 999 ## - SYSTEM CONTROL NUMBERS (KOHA) | |
| Koha Dewey Subclass [OBSOLETE] | SI |
| 100 ## - MAIN ENTRY--PERSONAL NAME | |
| Personal name | SACCHETTI FRANCO |
| 245 #0 - TITLE STATEMENT | |
| Title | NOVELLE DI F. SACCHETTI CITTADINO FIORENTINO. VOL. I. |
| 250 ## - EDITION STATEMENT | |
| Edition statement | 1a ed. |
| 260 ## - PUBLICATION, DISTRIBUTION, ETC. (IMPRINT) | |
| Place of publication, distribution, etc. | VENEZIA |
| Name of publisher, distributor, etc. | TASSO G. TIP. CAL. LIT. LIBR. |
| Date of publication, distribution, etc. | 1851 [1° Ed.:1851 - Ed.Ling.Originale: 1851] |
| 300 ## - PHYSICAL DESCRIPTION | |
| Extent | 264 p. |
| 500 ## - GENERAL NOTE | |
| General note | SER MASSEO E FEDERICO II DI SICILIA. VISITA DI PARCITTADINO DA LINARI AD EDOARDO RE D'INGHILTERRA. DOMANDE DI MESSER BERNABO' SIGNORE DI MILANO AD UN ABATE. CASTRUCCIO INTERMINELLI. MESSER RIOLFO DA CAMERINO. MESSER GIOVANNI DELLA LANA E IL BUFFONE. MESSE |
| 501 ## - WITH NOTE | |
| With note | Società San Paolo EM - Piazza San Paolo, 14 - 12051 ALBA (CN) (non commercial uses only) ® Copyright 2017 |
| 520 ## - SUMMARY, ETC. | |
| Summary, etc. | SER MASSEO E FEDERICO II DI SICILIA. VISITA DI PARCITTADINO DA LINARI AD EDOARDO RE D'INGHILTERRA. DOMANDE DI MESSER BERNABO' SIGNORE DI MILANO AD UN ABATE. CASTRUCCIO INTERMINELLI. MESSER RIOLFO DA CAMERINO. MESSER GIOVANNI DELLA LANA E IL BUFFONE. MESSE |
| 650 ## - SUBJECT ADDED ENTRY--TOPICAL TERM | |
| Topical term or geographic name as entry element | NARRATIVA ITALIANA E POESIA |
| 942 ## - ADDED ENTRY ELEMENTS (KOHA) | |
| Koha item type | LIBRO |
| 957 ## - | |
| -- | 1 |
| 999 ## - SYSTEM CONTROL NUMBERS (KOHA) | |
| -- | Copie: 1 |
| Withdrawn status | Lost status | Damaged status | Not for loan | Home library | Current library | Date acquired | Total Checkouts | Full call number | Date last seen | Price effective from | Koha item type | Public note |
|---|---|---|---|---|---|---|---|---|---|---|---|---|
| Buone Condizioni | Not For Loan | ALBA - Biblioteca | ALBA - Biblioteca | 16/01/2017 | L853-36971 | 16/01/2017 | 16/01/2017 | LIBRO | (data import: 16 gennaio 2017) - By Epidotti, Vaglietti. |